000 00948nas a2200301 4500
001 BR2018002405
003 BR-BrBNA
005 20231205131456.0
007 ta
008 230509b bl.|||p| |||| 00| 00por d
040 _aBR-BrBNA
_bpor
_cBiblioteca Nacional de Agricultura
041 _a(En)
072 _aH60
100 1 _aSpagnolo, R.T.
100 1 _aOldoni, A.
100 1 _aCustódio, T.V.
100 1 _aReis, A.V. dos
100 1 _aMachado, A.L.T.
245 1 _aDesign specifications of a heat applicator weed controller device for family farms
650 _aAGRICULTURA FAMILIAR
650 _aERVA DANINHA
650 _aPRODUÇÃO ORGÂNICA
650 _aCONTROLE TÉRMICO
773 0 _tCiência Rural (Brazil)
_xISSN 1678-4596
_g(2018), v. 48(2) p. 1-8
_wBR2018002405
856 4 0 _uhttp://www.scielo.br/pdf/cr/v48n2/1678-4596-cr-48-02-e20170243.pdf
909 _a202311
_bLúcia
_c55
_dLúcia Elande
942 _2AGRIS
_n0
_cANA
999 _c255034
_d255034